Regulation of Property Agents (Record no. 121122)
[ view plain ]
| 000 -LEADER | |
|---|---|
| fixed length control field | 00842nam a2200205 4500 |
| 001 - CONTROL NUMBER | |
| control field | K121122 |
| 008 - FIXED-LENGTH DATA ELEMENTS--GENERAL INFORMATION | |
| fixed length control field | 191001b2019 ||||| |||| 00| 0 eng d |
| 041 ## - LANGUAGE CODE | |
| Language code of text/sound track or separate title | eng |
| 110 ## - MAIN ENTRY--CORPORATE NAME | |
| Corporate author | Royal Institution of Chartered Surveyors |
| 245 ## - TITLE STATEMENT | |
| Title | Regulation of Property Agents |
| Subtitle | RICS response and involvement in the RoPA report and industry working group |
| 260 ## - PUBLICATION INFORMATION | |
| Place of publication | London |
| Publisher | RICS |
| Date | 2019 |
| 300 ## - PHYSICAL DESCRIPTION | |
| Physical description | 3p |
| 520 ## - ABSTRACT | |
| Abstract | RICS outlines its response to Lord Best's Regulation of Property Agents report. Supports the recommendations of the report. See K116304 to view full report: Regulation of Property Agents. |
| 650 ## - KEYWORDS | |
| Keywords | Property agents |
| 651 ## - SUBJECT ADDED ENTRY--GEOGRAPHIC NAME | |
| Geographic name | United Kingdom |
| 690 ## - BROAD SUBJECT | |
| 9 (RLIN) | 6220 |
| Broad subject | Block management |
| 700 ## - ADDED PERSONAL NAME | |
| Added personal author | Best, Lord |
| 856 ## - ONLINE RESOURCE | |
| Uniform Resource Identifier | <a href="https://www.rics.org/news-insights/regulation-of-property-agents">https://www.rics.org/news-insights/regulation-of-property-agents</a> |
| Public note | View at rics.org. |
| 942 ## - ADDED ENTRY ELEMENTS (KOHA) | |
| Suppress in OPAC | Do not suppress in OPAC |
| Lost status | Source of classification or shelving scheme | Damaged status | Not for loan | Home library | Current library | Shelving location | Date acquired | Total Checkouts | Full call number | Date last seen | Price effective from | Koha item type |
|---|---|---|---|---|---|---|---|---|---|---|---|---|
| Dewey Decimal Classification | Virtual | Virtual | Online | 01/10/2019 | ONLINE PUBLICATION | 23/08/2023 | 01/10/2019 | Online material |